Test y técnicas de medición en psicología y educación /
| Glavni avtor: | |
|---|---|
| Drugi avtorji: | |
| Format: | Knjiga |
| Jezik: | španščina |
| Izdano: |
México :
Trillas,
1970
|
| Teme: |
MARC
| LEADER | 00000nam a2200000Ia 4500 | ||
|---|---|---|---|
| 008 | 170726b1970 mx ||||| |||| 00| | spa d | ||
| 999 | |c 1400 |d 1400 | ||
| 090 | |a 06.01.01 |b 1864 | ||
| 100 | 1 | |a Thorndike, Robert L. |9 627 | |
| 245 | 1 | 0 | |a Test y técnicas de medición en psicología y educación / |c Robert L.Thorndike; Elizabeth Hagen |
| 260 | |a México : |b Trillas, |c 1970 | ||
| 300 | |a 733 páginas | ||
| 650 | 1 | 4 | |a PSICOLOGÍA DE LA EDUCACIÓN |9 625 |
| 650 | 1 | 4 | |a PRUEBAS |9 629 |
| 700 | 1 | |a Hagen, Elizabeth |9 630 | |
| 942 | |i 002719 |h 06.01.01 1864 |2 z |c 01 | ||
